[Event "Targu Mures op-A"]
[Site "Targu Mures"]
[Date "2022.06.05"]
[Round "2"]
[White "Negrean, Andrei"]
[Black "Vasiesiu, Dan"]
[Result "0-1"]
[WhiteElo "1840"]
[BlackElo "2385"]
[PlyCount "144"]
[EventDate "2022.06.04"]
[EventType "swiss"]
[EventRounds "9"]
[EventCountry "ROU"]
[SourceTitle "CBM 208 Extra"]
[Source "ChessBase"]
[SourceDate "2022.07.31"]
[SourceVersion "1"]
[SourceVersionDate "2022.07.31"]
[SourceQuality "1"]

1. d4 Nf6 2. Nf3 g6 3. g3 Bg7 4. Bg2 c5 5. 0-0 cxd4 6. Nxd4 h5 7. h4 Nc6 8. e4 0-0 9. Ne2 d6 10. Nbc3 Bg4 11. f3 Bd7 12. b3 Rc8 13. Be3 a6 14. Na4 Nb4 15. Bb6 Qe8 16. Nac3 Bb5 17. Bd4 Bxe2 18. Nxe2 Nxc2 19. Rb1 Nxd4 20. Nxd4 Qd8 21. Bh3 Rc5 22. Ne2 Qc7 23. Rc1 e6 24. b4 Rxc1 25. Qxc1 Qb6+ 26. Rf2 Qxb4 27. Nf4 Bh6 28. Qc7 d5 29. Qe5 Bg7 30. exd5 Nxd5 31. Qe4 Qxe4 32. fxe4 Nc3 33. Rc2 Nxe4 34. Kh2 Nc3 35. Rd2 b5 36. a3 a5 37. Rd7 Rb8 38. Nd3 b4 39. axb4 axb4 40. Bg2 Nd5 41. Bxd5 exd5 42. Re7 b3 43. Re1 b2 44. Rb1 Rb3 45. Nf2 Be5 46. Nd1 Rxg3 47. Nxb2 Rb3+ 48. Kg1 Rxb2 49. Rd1 d4 50. Rd3 Bf4 51. Kf1 Be3 52. Ra3 f5 53. Ra8+ Kg7 54. Ra7+ Kh6 55. Rd7 f4 56. Ke1 f3 57. Kd1 Rd2+ 58. Kc1 f2 59. Rf7 f1Q+ 60. Rxf1 Rf2+ 61. Kd1 Rxf1+ 62. Ke2 Rf4 63. Kd3 Rxh4 64. Ke2 Rf4 65. Kd3 h4 66. Kc4 h3 67. Kd3 h2 68. Ke2 h1Q 69. Kd3 Qf1+ 70. Kc2 Qc4+ 71. Kb2 Rf2+ 72. Ka3 Ra2# 0-1

[Event "Targu Mures op-A"]
[Site "Targu Mures"]
[Date "2022.06.05"]
[Round "3"]
[White "Vasiesiu, Dan"]
[Black "Gorodetzky, David"]
[Result "1/2-1/2"]
[WhiteElo "2385"]
[BlackElo "2496"]
[PlyCount "26"]
[EventDate "2022.06.04"]
[EventType "swiss"]
[EventRounds "9"]
[EventCountry "ROU"]
[SourceTitle "CBM 208 Extra"]
[Source "ChessBase"]
[SourceDate "2022.07.31"]
[SourceVersion "1"]
[SourceVersionDate "2022.07.31"]
[SourceQuality "1"]

1. Nf3 d5 2. e3 Nf6 3. b3 c5 4. Bb2 Nc6 5. Bb5 g6 6. Bxc6+ bxc6 7. Nc3 Bg7 8. Na4 c4 9. 0-0 Bg4 10. h3 Bxf3 11. Qxf3 0-0 12. d3 cxd3 13. cxd3 Qd6 1/2-1/2

[Event "Targu Mures op"]
[Site "Targu Mures"]
[Date "2019.10.20"]
[Round "7"]
[White "Rusan, Paul Cristian"]
[Black "Vasiesiu, Dan"]
[Result "1/2-1/2"]
[WhiteElo "2105"]
[BlackElo "2392"]
[PlyCount "52"]
[EventDate "2019.10.17"]
[EventType "swiss"]
[EventRounds "7"]
[EventCountry "ROU"]
[SourceTitle "CBM 192 Extra"]
[Source "Chessbase"]
[SourceDate "2019.11.06"]
[SourceVersion "1"]
[SourceVersionDate "2019.11.06"]
[SourceQuality "1"]

1. e4 c5 2. Nf3 d6 3. d4 cxd4 4. Nxd4 Nf6 5. Nc3 a6 6. h3 e6 7. g4 Nfd7 8. Bg2 Be7 9. 0-0 Nc6 10. Kh1 0-0 11. f4 Nxd4 12. Qxd4 b5 13. a4 bxa4 14. Nxa4 Bb7 15. c4 Rc8 16. Be3 e5 17. Qd3 exf4 18. Bxf4 Ne5 19. Bxe5 dxe5 20. Rfd1 Qxd3 21. Rxd3 Rb8 22. b3 Bc8 23. Rb1 a5 24. Rd5 Be6 25. Rxe5 Bb4 26. Nc5 Bc3 1/2-1/2

[Event "ROM-chT"]
[Site "Sovata"]
[Date "2018.12.02"]
[Round "9.1"]
[White "Vasiesiu, Dan"]
[Black "Balla, Tamas Kristof"]
[Result "1/2-1/2"]
[WhiteElo "2394"]
[BlackElo "2318"]
[PlyCount "36"]
[EventDate "2018.11.24"]
[EventType "team-tourn"]
[EventRounds "9"]
[EventCountry "ROU"]
[SourceTitle "CBM 187 Extra"]
[Source "ChessBase"]
[SourceDate "2018.11.04"]
[SourceVersion "1"]
[SourceVersionDate "2018.11.04"]
[SourceQuality "1"]
[WhiteTeam "Galati"]
[BlackTeam "Arad Vados"]
[WhiteTeamCountry "ROU"]
[BlackTeamCountry "ROU"]

1. e4 c5 2. Nf3 e6 3. d4 cxd4 4. Nxd4 a6 5. Bd3 Nf6 6. 0-0 Qc7 7. Qe2 d6 8. f4 Nbd7 9. c4 Be7 10. b3 0-0 11. Bb2 Re8 12. Nf3 e5 13. f5 Nc5 14. Nc3 Nxd3 15. Qxd3 b5 16. Nd5 Nxd5 17. cxd5 Qb6+ 18. Kh1 a5 1/2-1/2

[Event "ROM-chT"]
[Site "Sovata"]
[Date "2018.11.24"]
[Round "1.5"]
[White "Vasiesiu, Dan"]
[Black "Manolache, Marius"]
[Result "1/2-1/2"]
[WhiteElo "2394"]
[BlackElo "2518"]
[PlyCount "152"]
[EventDate "2018.11.24"]
[EventType "team-tourn"]
[EventRounds "9"]
[EventCountry "ROU"]
[SourceTitle "CBM 187 Extra"]
[Source "ChessBase"]
[SourceDate "2018.11.04"]
[SourceVersion "1"]
[SourceVersionDate "2018.11.04"]
[SourceQuality "1"]
[WhiteTeam "Galati"]
[BlackTeam "Timisoara Medicina"]
[WhiteTeamCountry "ROU"]
[BlackTeamCountry "ROU"]

1. e4 c5 2. Nf3 Nc6 3. d4 cxd4 4. Nxd4 e6 5. Nc3 Qc7 6. f4 a6 7. Nxc6 bxc6 8. Bd3 d5 9. 0-0 Nf6 10. Qe2 Be7 11. Bd2 c5 12. b3 c4 13. bxc4 dxe4 14. Nxe4 Bb7 15. Rab1 0-0 16. Bc3 Bxe4 17. Bxe4 Nxe4 18. Qxe4 Rac8 19. Rb7 Qxc4 20. Qxc4 Rxc4 21. Rxe7 Rxc3 22. Rf2 h5 23. Ra7 Ra3 24. c4 Rc3 25. Rxa6 Rc1+ 26. Rf1 Rxc4 27. g3 Rd8 28. Rf2 h4 29. Kg2 hxg3 30. hxg3 Rd3 31. Kh3 g6 32. Ra7 Rcc3 33. Rg2 Kg7 34. Rg1 Re3 35. Rg2 Rf3 36. Kg4 Rf1 37. Rb7 Rh1 38. Rf2 Rh5 39. Re2 Ra5 40. Kh3 Raa3 41. Rg2 Rf3 42. Kh2 Kf6 43. Rb5 Rf1 44. Rgb2 Ra1 45. Kg2 R1xa2 46. Rxa2 Rxa2+ 47. Kf3 Ra3+ 48. Kg4 Rd3 49. Ra5 Rd5 50. Ra7 g5 51. Ra8 Rd4 52. Ra5 gxf4 53. gxf4 Rd1 54. Rb5 Ke7 55. Rb7+ Rd7 56. Rb6 f6 57. Ra6 Kf7 58. Rb6 Rd3 59. Rb7+ Kg6 60. f5+ exf5+ 61. Kf4 Rd1 62. Rb8 Rf1+ 63. Ke3 f4+ 64. Ke4 f3 65. Kf4 f2 66. Kf3 Kg5 67. Kg2 Ra1 68. Kxf2 f5 69. Rb3 Ra2+ 70. Kg1 Kg4 71. Rc3 f4 72. Rb3 Re2 73. Kf1 Re3 74. Rxe3 fxe3 75. Ke2 Kf5 76. Kxe3 Ke5 1/2-1/2

[Event "Cap Aurora op 22nd"]
[Site "Cap Aurora"]
[Date "2018.06.28"]
[Round "6"]
[White "Vasiesiu, Dan"]
[Black "Paraschiv, Paul Alexandru"]
[Result "1-0"]
[WhiteElo "2379"]
[BlackElo "2140"]
[PlyCount "93"]
[EventDate "2018.06.23"]
[EventType "swiss"]
[EventRounds "9"]
[EventCountry "ROU"]
[SourceTitle "CBM 185 Extra"]
[Source "ChessBase"]
[SourceDate "2018.07.29"]
[SourceVersion "1"]
[SourceVersionDate "2018.07.29"]
[SourceQuality "1"]

1. e4 e6 2. d4 d5 3. Nc3 Nf6 4. e5 Nfd7 5. f4 c5 6. Nf3 Qb6 7. a3 Nc6 8. Be3 cxd4 9. Nxd4 Bc5 10. Na4 Qa5+ 11. c3 Bxd4 12. Bxd4 Nxd4 13. Qxd4 0-0 14. Bd3 b6 15. Qb4 f6 16. Qxa5 bxa5 17. exf6 gxf6 18. 0-0 e5 19. Bb5 Rb8 20. Bc6 d4 21. cxd4 exd4 22. Rfd1 Nb6 23. Rxd4 Nxa4 24. Rxa4 Rxb2 25. Rxa5 Bb7 26. Bxb7 Rxb7 27. Re1 Rff7 28. Kf2 Rg7 29. g3 Rgc7 30. Kf3 Kf7 31. Re3 Rc2 32. h3 Rcb2 33. Rc3 R2b6 34. Kg4 Kg6 35. a4 a6 36. h4 Rd7 37. Re3 Kh6 38. Kf5 Kg7 39. Re6 Rdd6 40. Re7+ Kg8 41. Rc5 Rb8 42. h5 Rd3 43. g4 Rd4 44. a5 Ra4 45. h6 Ra8 46. Rcc7 Rxa5+ 47. Ke4 1-0

[Event "Cap Aurora op 22nd"]
[Site "Cap Aurora"]
[Date "2018.06.24"]
[Round "2"]
[White "Vasiesiu, Dan"]
[Black "Panainte, Daniel Iulian"]
[Result "1-0"]
[WhiteElo "2379"]
[BlackElo "1973"]
[PlyCount "69"]
[EventDate "2018.06.23"]
[EventType "swiss"]
[EventRounds "9"]
[EventCountry "ROU"]
[SourceTitle "CBM 185 Extra"]
[Source "ChessBase"]
[SourceDate "2018.07.29"]
[SourceVersion "1"]
[SourceVersionDate "2018.07.29"]
[SourceQuality "1"]

1. e4 e6 2. d4 d5 3. Nc3 dxe4 4. Nxe4 Bd7 5. c4 Bc6 6. Nc3 Nf6 7. Be3 Bb4 8. Nf3 0-0 9. Be2 Ne4 10. Qc2 Nd7 11. 0-0 Ndf6 12. Ne5 Nxc3 13. bxc3 Be4 14. Qb3 Be7 15. Rfd1 Qc8 16. f3 Bf5 17. g4 Bg6 18. h4 h6 19. Nxg6 fxg6 20. Qc2 Ne8 21. Qxg6 Bxh4 22. Bd3 Rf6 23. Qh7+ Kf7 24. Kg2 Qd8 25. Rh1 Bg5 26. Bxg5 hxg5 27. Qh5+ Kf8 28. Bg6 Qd6 29. Qxg5 Qc6 30. Raf1 Qxc4 31. Rh7 Qd5 32. Rh8+ Ke7 33. Qxd5 exd5 34. Re1+ Kd6 35. Rhxe8 1-0

[Event "Cap Aurora op 22nd"]
[Site "Cap Aurora"]
[Date "2018.06.23"]
[Round "1"]
[White "Mihailova, Alina"]
[Black "Vasiesiu, Dan"]
[Result "0-1"]
[WhiteElo "1706"]
[BlackElo "2379"]
[PlyCount "66"]
[EventDate "2018.06.23"]
[EventType "swiss"]
[EventRounds "9"]
[EventCountry "ROU"]
[SourceTitle "CBM 185 Extra"]
[Source "ChessBase"]
[SourceDate "2018.07.29"]
[SourceVersion "1"]
[SourceVersionDate "2018.07.29"]
[SourceQuality "1"]

1. d4 Nf6 2. c4 g6 3. Nc3 Bg7 4. e4 d6 5. f3 0-0 6. Be3 e5 7. Nge2 Nbd7 8. Qd2 a6 9. 0-0-0 b5 10. dxe5 Nxe5 11. Nd4 bxc4 12. f4 Nd3+ 13. Bxd3 cxd3 14. Qxd3 Bb7 15. Rhe1 Re8 16. Bd2 Qc8 17. h3 Rb8 18. Nb3 Ba8 19. g4 Nd7 20. Be3 Rd8 21. Bd4 Bf8 22. Qc2 c5 23. Bf2 c4 24. Nd4 Nc5 25. Re2 Re8 26. f5 Bg7 27. g5 Be5 28. h4 Rb4 29. Nf3 Nd3+ 30. Rxd3 cxd3 31. Qxd3 Bxe4 32. Rxe4 Rxe4 33. Qxe4 Bxc3 0-1

[Event "ROM-chT"]
[Site "Baile Govora"]
[Date "2017.11.15"]
[Round "5.3"]
[White "Vasiesiu, Dan"]
[Black "Barnaure, Vlad Victor"]
[Result "1/2-1/2"]
[WhiteElo "2366"]
[BlackElo "2480"]
[PlyCount "80"]
[EventDate "2017.11.11"]
[EventType "team-tourn"]
[EventRounds "9"]
[EventCountry "ROU"]
[SourceTitle "CBM 181 Extra"]
[Source "ChessBase"]
[SourceDate "2017.12.12"]
[SourceVersion "1"]
[SourceVersionDate "2017.12.12"]
[SourceQuality "1"]
[WhiteTeam "Galati"]
[BlackTeam "Baia Mare"]
[WhiteTeamCountry "ROU"]
[BlackTeamCountry "ROU"]

1. e4 c5 2. Nf3 Nc6 3. Bb5 g6 4. Bxc6 dxc6 5. d3 Bg7 6. h3 Nf6 7. Nc3 Nd7 8. Be3 e5 9. 0-0 Qe7 10. Qd2 h6 11. a3 b6 12. Nh2 Nf8 13. b4 Ne6 14. bxc5 Nxc5 15. f4 exf4 16. Rxf4 Na4 17. d4 Nxc3 18. Qxc3 c5 19. Raf1 0-0 20. e5 cxd4 21. Bxd4 h5 22. Qb4 Qxb4 23. axb4 Be6 24. Nf3 Bh6 25. Rf6 a5 26. Bxb6 axb4 27. Bc5 Rfc8 28. Bxb4 Rxc2 29. Rd1 Bb3 30. Rd3 Rb2 31. Bd2 Bc4 32. Rd4 Bxd2 33. Rxd2 Rb5 34. Rfd6 Kg7 35. Kf2 Raa5 36. g4 hxg4 37. hxg4 Be6 38. Kg3 Ra3 39. R2d3 Ra4 40. R3d4 Rxd4 1/2-1/2

[Event "Corund Ceramica op 3rd"]
[Site "Corund"]
[Date "2017.09.30"]
[Round "7"]
[White "Vasiesiu, Dan"]
[Black "Ognean, Mihnea Ionut"]
[Result "1-0"]
[WhiteElo "2376"]
[BlackElo "2166"]
[PlyCount "107"]
[EventDate "2017.09.26"]
[EventType "swiss"]
[EventRounds "9"]
[EventCountry "ROU"]
[SourceTitle "EXT 2018"]
[Source "ChessBase"]
[SourceDate "2017.10.13"]
[SourceVersion "1"]
[SourceVersionDate "2017.10.13"]
[SourceQuality "1"]

1. e4 c5 2. Nf3 Nc6 3. Bb5 g6 4. Bxc6 dxc6 5. d3 Bg7 6. h3 Nf6 7. Nc3 0-0 8. Be3 b6 9. Qd2 e5 10. Bh6 Qd6 11. 0-0 Nh5 12. Bxg7 Nxg7 13. Ne2 Ne6 14. Ng5 c4 15. Nxe6 Qxe6 16. d4 Bb7 17. Qe3 Rfe8 18. Rae1 Rad8 19. f4 exd4 20. Nxd4 Qd7 21. Nf3 c5 22. e5 Bxf3 23. Qxf3 Qd4+ 24. Kh2 Qxb2 25. f5 Qxc2 26. e6 fxe6 27. f6 Rf8 28. f7+ Kg7 29. Qf6+ Kh6 30. Qf4+ Kg7 31. Qe5+ Kh6 32. Re4 Rd4 33. Rxd4 cxd4 34. Rf4 Qf5 35. Rxf5 exf5 36. Qxd4 Rxf7 37. Qxc4 Kg7 38. Kg3 Re7 39. Qd4+ Kf7 40. Qh8 Ke6 41. Kf4 Kd6 42. Kg5 Kd7 43. h4 Rf7 44. Qg8 Ke7 45. Qc8 Kd6 46. Qc4 Ke7 47. g3 Kf8 48. Kh6 Ke7 49. Qd5 Rf6 50. Qb7+ Ke6 51. Qxa7 Ke5 52. Qc7+ Kd5 53. Kxh7 Re6 54. Qd7+ 1-0

[Event "Corund Ceramica op 3rd"]
[Site "Corund"]
[Date "2017.09.29"]
[Round "6"]
[White "Vasiesiu, Dan"]
[Black "Makka, Ioulia"]
[Result "1/2-1/2"]
[WhiteElo "2376"]
[BlackElo "2173"]
[PlyCount "93"]
[EventDate "2017.09.26"]
[EventType "swiss"]
[EventRounds "9"]
[EventCountry "ROU"]
[SourceTitle "EXT 2018"]
[Source "ChessBase"]
[SourceDate "2017.10.13"]
[SourceVersion "1"]
[SourceVersionDate "2017.10.13"]
[SourceQuality "1"]

1. c4 e5 2. g3 Nc6 3. Bg2 d6 4. Nc3 Be6 5. d3 Qd7 6. Rb1 g6 7. b4 Bg7 8. h4 h6 9. Bd2 Nge7 10. Nd5 Nd8 11. b5 f5 12. Qc1 c6 13. bxc6 bxc6 14. Nxe7 Kxe7 15. f4 Nf7 16. Nh3 Rhb8 17. 0-0 e4 18. dxe4 fxe4 19. Nf2 Rxb1 20. Qxb1 d5 21. cxd5 cxd5 22. Qb4+ Nd6 23. Bc3 Bxc3 24. Qxc3 Kf7 25. Rd1 Rc8 26. Qe5 Nc4 27. Qd4 Qc7 28. Rb1 Rb8 29. Rb3 a5 30. h5 a4 31. Rxb8 Qxb8 32. hxg6+ Kxg6 33. Nxe4 dxe4 34. Bxe4+ Kf7 35. Kg2 Qb6 36. Qh8 Ne3+ 37. Kh1 Ng4 38. Qh7+ Ke8 39. Bf3 Nf2+ 40. Kh2 Bf7 41. Qh8+ Ke7 42. Qe5+ Kd8 43. Qh8+ Ke7 44. Qe5+ Kf8 45. Qh8+ Ke7 46. Qe5+ Kf8 47. Qh8+ 1/2-1/2

[Event "Corund Ceramica op 3rd"]
[Site "Corund"]
[Date "2017.09.26"]
[Round "1"]
[White "Samu, Sorin Mihai"]
[Black "Vasiesiu, Dan"]
[Result "0-1"]
[WhiteElo "2039"]
[BlackElo "2376"]
[PlyCount "64"]
[EventDate "2017.09.26"]
[EventType "swiss"]
[EventRounds "9"]
[EventCountry "ROU"]
[SourceTitle "EXT 2018"]
[Source "ChessBase"]
[SourceDate "2017.10.13"]
[SourceVersion "1"]
[SourceVersionDate "2017.10.13"]
[SourceQuality "1"]

1. c4 e5 2. g3 Nc6 3. Bg2 Bc5 4. e3 d6 5. Nc3 a6 6. a3 Nge7 7. Nge2 Ba7 8. 0-0 0-0 9. h3 Rb8 10. b4 b5 11. cxb5 axb5 12. Bb2 Bf5 13. d4 exd4 14. Nxd4 Nxd4 15. exd4 Qd7 16. Re1 Rfe8 17. Kh2 Bg6 18. Rc1 c6 19. Qd2 d5 20. Ne2 Nf5 21. Nf4 Nd6 22. Rxe8+ Rxe8 23. Re1 Nc4 24. Rxe8+ Qxe8 25. Qc3 Bf5 26. Bc1 h6 27. Bf3 Bb6 28. Ng2 Be4 29. Ne3 Bxf3 30. Nxc4 Qe2 31. Qe3 dxc4 32. Qxe2 Bxe2 0-1

[Event "Cap Aurora op 21st"]
[Site "Cap Aurora"]
[Date "2017.06.29"]
[Round "7"]
[White "Lehaci, Miruna Daria"]
[Black "Vasiesiu, Dan"]
[Result "0-1"]
[WhiteElo "1965"]
[BlackElo "2390"]
[PlyCount "152"]
[EventDate "2017.06.24"]
[EventType "swiss"]
[EventRounds "9"]
[EventCountry "ROU"]
[SourceTitle "CBM 179 Extra"]
[Source "ChessBase"]
[SourceDate "2017.08.23"]
[SourceVersion "1"]
[SourceVersionDate "2017.08.23"]
[SourceQuality "1"]

1. d4 g6 2. e4 Bg7 3. Nc3 c6 4. Be3 d5 5. Nf3 dxe4 6. Nxe4 Nh6 7. c3 0-0 8. Bc4 Nd7 9. Qd2 Nf5 10. Bg5 Nf6 11. Ng3 Nd6 12. Bd3 Be6 13. 0-0 Bc4 14. Bxc4 Nxc4 15. Qc1 Re8 16. b3 Nd6 17. Re1 Rc8 18. c4 c5 19. d5 b5 20. Ne5 bxc4 21. bxc4 Nfe4 22. Nxe4 Bxe5 23. Rb1 f6 24. Bd2 Qd7 25. Nxd6 exd6 26. Bf4 Re7 27. Bxe5 fxe5 28. Qc2 Rf8 29. f3 Kg7 30. Re4 Rff7 31. Rb5 Qc8 32. Re3 Rf4 33. Re4 Rxe4 34. Qxe4 Rf7 35. g3 Qa6 36. Qe2 Qa3 37. Kg2 Qc1 38. Rb3 g5 39. h3 h6 40. Rb5 Qc3 41. Rb3 Qd4 42. Rb2 Re7 43. Rd2 Qc3 44. Rc2 Qa1 45. Rb2 Rf7 46. Rb3 Qc1 47. Rb2 h5 48. Qd2 Qxd2+ 49. Rxd2 Rb7 50. g4 Rb4 51. Rc2 h4 52. Kf2 a5 53. Ke3 a4 54. Kd3 Kf6 55. Rc3 Rb2 56. Ra3 Rb4 57. Rc3 Kf7 58. Ke4 Kg6 59. Kd3 Kf6 60. Ra3 e4+ 61. fxe4 Ke5 62. Rc3 Rb2 63. Ra3 Rh2 64. Rxa4 Rxh3+ 65. Kd2 Rg3 66. Ra8 Kxe4 67. a4 Rxg4 68. Re8+ Kd4 69. a5 Rg2+ 70. Re2 Rg3 71. Re6 h3 72. Rxd6 h2 73. Rh6 Rg2+ 74. Ke1 Rg1+ 75. Kf2 h1Q 76. Rxh1 Rxh1 0-1

[Event "ROM-chT"]
[Site "Calimanesti Caciulata"]
[Date "2016.11.23"]
[Round "5.5"]
[White "Vasiesiu, Dan"]
[Black "Posedaru, Bogdan Stefan"]
[Result "1-0"]
[WhiteElo "2386"]
[BlackElo "2327"]
[PlyCount "77"]
[EventDate "2016.11.19"]
[EventType "team-tourn"]
[EventRounds "9"]
[EventCountry "ROU"]
[SourceTitle "CBM 175 Extra"]
[Source "ChessBase"]
[SourceDate "2016.12.12"]
[SourceVersion "1"]
[SourceVersionDate "2016.12.12"]
[SourceQuality "1"]
[WhiteTeam "Galati"]
[BlackTeam "Techirghiol Victoria"]
[WhiteTeamCountry "ROU"]
[BlackTeamCountry "ROU"]

1. e4 c5 2. Nf3 Nc6 3. Bb5 d6 4. 0-0 Bd7 5. Re1 Nf6 6. c3 a6 7. Bf1 Bg4 8. d4 cxd4 9. cxd4 d5 10. e5 Ne4 11. h3 Bh5 12. e6 fxe6 13. Nc3 Nf6 14. g4 Bf7 15. Bf4 g6 16. Qb3 Qc8 17. Na4 Nd7 18. Rac1 Bg7 19. Ne5 Bxe5 20. dxe5 0-0 21. h4 b5 22. Nc5 Nxc5 23. Rxc5 Qd7 24. Rec1 Rfc8 25. Qc3 Na7 26. Rc7 Rxc7 27. Qxc7 Qxc7 28. Rxc7 Kf8 29. Be3 Nc8 30. Bc5 Ke8 31. Bb4 Kf8 32. f4 Be8 33. Bc5 a5 34. Bd3 Rb8 35. f5 exf5 36. gxf5 Kg8 37. Kf2 b4 38. f6 Kf7 39. Ba6 1-0

[Event "Corund Ceramica op 2nd"]
[Site "Corund"]
[Date "2016.09.17"]
[Round "5"]
[White "Bida, Mihai Eugen"]
[Black "Vasiesiu, Dan"]
[Result "1-0"]
[WhiteElo "2425"]
[BlackElo "2384"]
[PlyCount "57"]
[EventDate "2016.09.14"]
[EventType "swiss"]
[EventRounds "7"]
[EventCountry "ROU"]
[SourceTitle "CBM 174 Extra"]
[Source "ChessBase"]
[SourceDate "2016.10.10"]
[SourceVersion "1"]
[SourceVersionDate "2016.10.10"]
[SourceQuality "1"]

1. d4 Nf6 2. c4 g6 3. Nc3 Bg7 4. e4 d6 5. h3 0-0 6. Be3 Na6 7. Nf3 Qe8 8. a3 e5 9. d5 Nh5 10. b4 f5 11. c5 Nf6 12. Bc4 h6 13. c6 Kh7 14. Qa4 bxc6 15. dxc6 fxe4 16. Nd2 Nb8 17. b5 Be6 18. Bxe6 Qxe6 19. Ndxe4 Nxe4 20. Qxe4 a6 21. Nd5 Qf7 22. b6 cxb6 23. Nxb6 Ra7 24. Nd5 Nxc6 25. Bxa7 Qxa7 26. 0-0 Nd4 27. Rab1 Rf7 28. Rb6 Nb5 29. Rb1 1-0

[Event "Corund Ceramica op 2nd"]
[Site "Corund"]
[Date "2016.09.15"]
[Round "3"]
[White "Goczo, Melinda"]
[Black "Vasiesiu, Dan"]
[Result "0-1"]
[WhiteElo "2165"]
[BlackElo "2384"]
[PlyCount "112"]
[EventDate "2016.09.14"]
[EventType "swiss"]
[EventRounds "7"]
[EventCountry "ROU"]
[SourceTitle "CBM 174 Extra"]
[Source "ChessBase"]
[SourceDate "2016.10.10"]
[SourceVersion "1"]
[SourceVersionDate "2016.10.10"]
[SourceQuality "1"]

1. d4 Nf6 2. c4 e6 3. Nf3 Bb4+ 4. Bd2 c5 5. Bxb4 cxb4 6. Qb3 a5 7. Nbd2 0-0 8. g3 b6 9. Bg2 Bb7 10. 0-0 d6 11. Rfd1 Qe7 12. Rac1 Na6 13. Qe3 Rfe8 14. h3 h6 15. Bf1 Qc7 16. g4 e5 17. Nh4 Rad8 18. Nf5 Bc8 19. Ne4 Nxe4 20. Qxe4 Bb7 21. Qe3 Qc6 22. d5 Qc7 23. g5 Bc8 24. Ng3 hxg5 25. Qxg5 Qe7 26. Qh5 Nc5 27. Bg2 Qf6 28. Ne4 Nxe4 29. Bxe4 g6 30. Qh6 Qf4 31. Qxf4 exf4 32. f3 Kg7 33. Kg2 Re5 34. Rh1 Rh8 35. h4 Bd7 36. Kf2 Reh5 37. Kg2 Rxh4 38. Rxh4 Rxh4 39. Bd3 Kf6 40. a3 b3 41. Rc3 a4 42. Rc1 Ke5 43. Rd1 g5 44. Bb1 f5 45. Bd3 g4 46. Bb1 g3 47. Kg1 Rh8 48. Bd3 Bc8 49. Kg2 Ba6 50. Rc1 Rc8 51. Rc3 Rc5 52. Rc1 b5 53. cxb5 Rxc1 54. bxa6 Rc5 55. a7 Ra5 56. Bb5 Kxd5 0-1

[Event "ROM-chT "]
[Site "Mamaia"]
[Date "2015.10.10"]
[Round "8.2"]
[White "Vasiesiu, Dan"]
[Black "Svetushkin, Dmitry"]
[Result "0-1"]
[WhiteElo "2388"]
[BlackElo "2586"]
[PlyCount "74"]
[EventDate "2015.10.03"]
[EventType "team-tourn"]
[EventRounds "9"]
[EventCountry "ROU"]
[SourceTitle "CBM 168 Extra"]
[Source "ChessBase"]
[SourceDate "2015.10.29"]
[SourceVersion "1"]
[SourceVersionDate "2015.10.29"]
[SourceQuality "1"]
[WhiteTeam "Satu Mare Apollo"]
[BlackTeam "Iasi Politehnica"]
[WhiteTeamCountry "ROU"]
[BlackTeamCountry "ROU"]

1. e4 e5 2. Nf3 Nc6 3. Bc4 Bc5 4. c3 Nf6 5. d3 a6 6. Bb3 d6 7. h3 h6 8. Nbd2 Ba7 9. Nf1 Be6 10. Ng3 Qd7 11. Bxe6 fxe6 12. 0-0 g5 13. Nh2 0-0-0 14. Nh5 Nxh5 15. Qxh5 d5 16. a4 Rdf8 17. b4 dxe4 18. b5 Na5 19. Ba3 Qf7 20. Qe2 exd3 21. Qxd3 Rd8 22. Qe2 h5 23. Nf3 g4 24. Nxe5 Qf5 25. Rad1 Rxd1 26. Rxd1 gxh3 27. g3 h4 28. g4 Qf4 29. Kh1 Qxf2 30. Qxf2 Bxf2 31. g5 Rg8 32. Nf7 Nc4 33. Be7 Ne3 34. Rd2 Bg3 35. Nh6 Re8 36. g6 Rxe7 37. Nf7 Re8 0-1

[Event "ROM-chT "]
[Site "Mamaia"]
[Date "2015.10.08"]
[Round "6.1"]
[White "Balogh, Csaba"]
[Black "Vasiesiu, Dan"]
[Result "1-0"]
[WhiteElo "2657"]
[BlackElo "2388"]
[PlyCount "100"]
[EventDate "2015.10.03"]
[EventType "team-tourn"]
[EventRounds "9"]
[EventCountry "ROU"]
[SourceTitle "CBM 168 Extra"]
[Source "ChessBase"]
[SourceDate "2015.10.29"]
[SourceVersion "1"]
[SourceVersionDate "2015.10.29"]
[SourceQuality "1"]
[WhiteTeam "Timisoara Luxten"]
[BlackTeam "Satu Mare Apollo"]
[WhiteTeamCountry "ROU"]
[BlackTeamCountry "ROU"]

1. e4 e6 2. d4 d5 3. Nc3 Nf6 4. e5 Nfd7 5. f4 c5 6. Nf3 Nc6 7. Be3 cxd4 8. Nxd4 Bc5 9. Qd2 0-0 10. 0-0-0 a6 11. Qf2 Bxd4 12. Bxd4 b5 13. Be3 Qa5 14. Kb1 b4 15. Ne2 Qc7 16. Ng3 a5 17. Nh5 a4 18. Bd3 f5 19. g4 Ba6 20. Bxa6 Rxa6 21. gxf5 Rxf5 22. Qe2 Ra8 23. Rhg1 g6 24. Ng3 Rff8 25. h4 b3 26. a3 Ne7 27. cxb3 axb3 28. Rc1 Qb7 29. h5 Rac8 30. hxg6 hxg6 31. f5 Rxc1+ 32. Bxc1 Nxf5 33. Nxf5 Rxf5 34. Rxg6+ Kf7 35. Qg4 Qc8 36. Rg7+ Ke8 37. Rg8+ Nf8 38. Qg6+ Kd7 39. Rg7+ Kc6 40. Qg3 Qa6 41. Qxb3 Nd7 42. Rg3 Nxe5 43. Qb8 d4 44. Rg8 Rf1 45. Rc8+ Kd5 46. Qc7 Nd3 47. Rd8+ Ke4 48. Qh7+ Rf5 49. Qh1+ Rf3 50. Rf8 Kd5 1-0

[Event "ROM-chT "]
[Site "Mamaia"]
[Date "2015.10.03"]
[Round "1.3"]
[White "Vasiesiu, Dan"]
[Black "Moldovan, Daniel"]
[Result "1-0"]
[WhiteElo "2388"]
[BlackElo "2438"]
[PlyCount "75"]
[EventDate "2015.10.03"]
[EventType "team-tourn"]
[EventRounds "9"]
[EventCountry "ROU"]
[SourceTitle "CBM 168 Extra"]
[Source "ChessBase"]
[SourceDate "2015.10.29"]
[SourceVersion "1"]
[SourceVersionDate "2015.10.29"]
[SourceQuality "1"]
[WhiteTeam "Satu Mare Apollo"]
[BlackTeam "Ploiesti CSU"]
[WhiteTeamCountry "ROU"]
[BlackTeamCountry "ROU"]

1. e4 e6 2. d4 d5 3. Nc3 dxe4 4. Nxe4 Bd7 5. Nf3 Bc6 6. Bd3 Nd7 7. 0-0 Ngf6 8. Ned2 Be7 9. Re1 0-0 10. Nc4 b6 11. a4 Bb7 12. c3 c5 13. Bf4 Bxf3 14. Qxf3 cxd4 15. cxd4 Nd5 16. Bg3 N7f6 17. Rad1 Nb4 18. Bb1 Qd5 19. Qe2 Rfe8 20. Be5 Rad8 21. b3 Qb7 22. Rc1 Nbd5 23. Qf3 Qd7 24. Qh3 Rc8 25. g4 g6 26. Qf3 a6 27. Bg3 Bb4 28. Rf1 b5 29. Ne5 Rxc1 30. Nxd7 Rxf1+ 31. Kxf1 Nxd7 32. axb5 axb5 33. Bd3 Rc8 34. Bxb5 Rc3 35. Qe2 N7f6 36. Bc4 Rc1+ 37. Kg2 Re1 38. Qa2 1-0